| 000 | 00526nam a2200217Ia 4500 | ||
|---|---|---|---|
| 003 | OSt | ||
| 005 | 20241007102656.0 | ||
| 008 | 240925s9999 xx 000 0 und d | ||
| 020 | _aNA | ||
| 040 | _csd | ||
| 082 | _a796.44 MAR | ||
| 100 | _aMartineau ,G. D. | ||
| 245 | 0 | _aBat, Ball, Wicket and All | |
| 250 | _aNA | ||
| 260 |
_aLondon: _bSporting Handbooks _c,1950. |
||
| 300 |
_a213p. _bN.A _fPhotocopy |
||
| 500 | _aNA | ||
| 600 | _aHumanities & Natural Science | ||
| 650 | _aArts and Recreation | ||
| 942 |
_cBK _2ddc |
||
| 999 |
_c12079 _d12079 |
||